| 000 | 00664cab a2200241 4500 | ||
|---|---|---|---|
| 001 | WB2249-06 | ||
| 008 | 090401t1986 xxu||||| |||| 00| 0 eng d | ||
| 035 | _a(Sirsi) u50445 | ||
| 041 | _aeng | ||
| 245 | _aCode of conduct for auction houses | ||
| 260 | _c1986 | ||
| 350 | _a0 | ||
| 490 |
_aEvening Standard _v5/12/86 p19 |
||
| 520 | _aWestminster City Council has drawn up a code of conduct under the General Powers Act 1984 to stop insider deals at auctions. | ||
| 650 | _aBONHAMS | ||
| 650 | _aCHRISTIES | ||
| 650 | _aLICENCES | ||
| 650 | _aPHILLIPS | ||
| 650 | _aSOTHEBYS | ||
| 690 |
_aAuctioneering _96218 |
||
| 942 | _n0 | ||
| 948 | _c04/03/1997 | ||
| 999 |
_c31481 _d31481 |
||